El futuro de los pobres en América Latina : teología de la liberación : comentarios a propósito de la Instrucción sobre algunos aspectos de la teología de la liberación /

Сохранить в:
Библиографические подробности
Главный автор: Vergara Aceves, Jesús (autor)
Формат:
Язык:испанский
Серии:(Análisis de la Realidad Mexicana ; 12)
Предметы:
Метки: Добавить метку
Нет меток, Требуется 1-ая метка записи!

MARC

LEADER 00000nam^a2200000^a^4500
001 000288687
005 20250521000000.0
009 20260310111916.183
037 |a Acervo Xavier Clavigero 
041 |a ESP 
082 |a 320. 05  |b ANA V. 12 
100 |a Vergara Aceves, Jesús  |e (autor) 
240 1 1 |a [Análisis de la realidad mexicana] 
245 1 3 |a El futuro de los pobres en América Latina :  |b teología de la liberación : comentarios a propósito de la Instrucción sobre algunos aspectos de la teología de la liberación /  |c J. Vergara Aceves. 
264 |a México :  |b Universidad Iberoamericana, Plantel Santa Fe,  |c 1984 
300 |a 33 p. 
336 |a texto  |b txt  |2 rdacontenido 
337 |a sin mediación  |b n  |2 rdamedio 
338 |a volumen  |b nc  |2 rdasoporte 
440 1 |a (Análisis de la Realidad Mexicana ;  |v 12) 
649 |a XX 
650 |a Teología de la Liberación -  |x Tema Principal 
650 |a Documentos Pontificios -  |x Historia y Crítica 
650 |a Iglesia Católica -  |x Documentos Doctrinales -  |x Historia y Crítica 
650 |a Catolicismo 
650 |a Cristianismo 
650 |a Religión 
910 |a Fondo General 
920 |a Impresos - Libros 
930 |a Colección General 
905 |a 101 
901 |a 0500175680  |b IT1  |c ACC  |u 20250521 
902 |a https://opac.biblio.iteso.mx/vufind/Record/000288687